MARC

LEADER 00000nam0a2200000 4500
001 263393
005 20231101233732.0
010 |a 5339002799 
020 |a RU  |b 88-49976 
035 |a (RuTPU)RU\TPU\book\286378 
090 |a 263393 
100 |a 20140609d1988 m a0rusy5003 ca 
101 0 |a rus 
102 |a BY 
105 |a a j 001zy 
200 1 |a Основы защиты населения от оружия массового поражения  |e учебное пособие для вузов  |f Л. А. Николаев 
210 |a Минск  |c Вышэйш. шк.  |d 1988 
215 |a 140 с.  |c ил. 
320 |a Библиогр.: с. 139. 
606 1 |a Защита от ядерного оружия  |x Военное дело  |2 stltpush  |3 (RuTPU)RU\TPU\subj\39153  |9 59344 
610 1 |a средства массового поражения 
610 1 |a учебные пособия 
610 1 |a ядерное оружие 
610 1 |a характеристика 
610 1 |a химическое оружие 
610 1 |a радиометрия 
610 1 |a убежища 
610 1 |a индивидуальные средства 
610 1 |a санитарная обработка 
686 |a Ц901я73  |2 rubbk 
700 1 |a Николаев  |b Л. А.  |g Лев Алексеевич  |4 070 
801 0 |a RU  |b RuMRKP  |c 19950417  |g psbo 
801 1 |a RU  |b 63413507  |c 20140609 
801 2 |a RU  |b 63413507  |c 20141017  |g RCR 
942 |c BK